000 00820nam a2200253 a 4500
001 55017
003 BD-RjUL
005 20211209080213.0
008 161113s2003 ii ||||| |||| 00| 0 eng d
020 _a8120312767
_c: IRs. 195.00 (Indian Reprint)
035 _a(BD-RjUL)55139
040 _aBD-RjUL
_beng
_cBD-RjUL
041 _aeng
082 _223
_a006.6
_bJEM 2003
100 1 _aJeffcoate, Judith
_9164027
245 1 0 _aMultimedia in practice :
_b technology and applications /
_cJudith Jeffcoate
260 _aNew York :
_b Prentice Hall,
_cc1995 [ Reprint 2003] .
300 _axviii, 238 p. :
_bill. ;
_c24 cm
504 _aIncludes Bibliographical References and Index
650 _aMultimedia systems
_9117552
650 _a Multimedia
_9117552
650 _aInformatiesystemen.
_9164028
942 _2ddc
_cBK
999 _c55017
_d55017